000 00652nam a22002171 4500
001 ne 68000340
003 DLC
005 20260227111837.0
008 710901s1891 ua d 00100 eng
010 _ane 68000340
041 0 _aengara
050 0 _aR121
_b.M34 1891
100 1 0 _aMansour, Ibrahim,
_cbey.
245 0 0 _aEnglish & Arabic medical vocabulary,
_cby Ibrahim Mansoor.
250 _a1st ed.
260 0 _aCairo,
_bWattan Print. Office,
_c1891.
300 _aviii, 195, 74 p.
_c21 cm.
500 _aEnglish-Arabic vocabulary, with Arabic index.
650 0 _aMedicine
_xDictionaries.
650 0 _aEnglish language
_xDictionaries
_xArabic.
999 _c50004
_d50004